[Event "RUS-chT Rapid (Women)"]
[Site "Sochi"]
[Date "2023.10.19"]
[Round "6.3"]
[White "Voit, Daria"]
[Black "Khlichkova, Tatiana"]
[Result "1/2-1/2"]
[WhiteElo "2343"]
[BlackElo "2196"]
[PlyCount "62"]
[EventDate "2023.10.18"]
[EventType "team-swiss (rapid)"]
[EventRounds "9"]
[EventCountry "RUS"]
[SourceTitle "Mega2024 Update 01"]
[Source "Chessbase"]
[SourceDate "2023.11.12"]
[SourceVersion "1"]
[SourceVersionDate "2023.11.12"]
[SourceQuality "1"]
[WhiteTeam "Moscow ShSM (W)"]
[BlackTeam "Novosibirsk Region (W)"]
[WhiteTeamCountry "RUS"]
[BlackTeamCountry "RUS"]

1. d4 e6 2. c4 f5 3. Nc3 Nf6 4. a3 d5 5. Nf3 c6 6. Bg5 Be7 7. e3 0-0 8. Be2 Nbd7 9. b4 h6 10. Bf4 Ne4 11. Nxe4 dxe4 12. Ne5 Nxe5 13. Bxe5 Bf6 14. 0-0 Qe7 15. Qb3 Bd7 16. c5 Bxe5 17. dxe5 f4 18. exf4 Rxf4 19. Rad1 Raf8 20. Bc4 Kh8 21. Rd6 Be8 22. Bxe6 Qg5 23. Bd7 Bxd7 24. Rxd7 Qxe5 25. Rdd1 Qg5 26. Qe3 Qg6 27. Rd6 Qf7 28. Rd4 Qg6 29. Rd6 Qf7 30. Rd4 Qg6 31. Rd6 Qf7 1/2-1/2

[Event "RUS-chT Rapid (Women)"]
[Site "Sochi"]
[Date "2023.10.18"]
[Round "3.19"]
[White "Khlichkova, Tatiana"]
[Black "Reger, Valeriia"]
[Result "1-0"]
[WhiteElo "2196"]
[BlackElo "1993"]
[PlyCount "99"]
[EventDate "2023.10.18"]
[EventType "team-swiss (rapid)"]
[EventRounds "9"]
[EventCountry "RUS"]
[SourceTitle "Mega2024 Update 01"]
[Source "Chessbase"]
[SourceDate "2023.11.12"]
[SourceVersion "1"]
[SourceVersionDate "2023.11.12"]
[SourceQuality "1"]
[WhiteTeam "Novosibirsk Region (W)"]
[BlackTeam "St Petersburg SShOR (W) II"]
[WhiteTeamCountry "RUS"]
[BlackTeamCountry "RUS"]

1. d4 Nf6 2. Bg5 d5 3. e3 Ne4 4. Bf4 e6 5. Bd3 c5 6. Bxe4 dxe4 7. Nc3 cxd4 8. exd4 Bb4 9. Nge2 Nc6 10. 0-0 g5 11. Be3 f5 12. d5 exd5 13. Qxd5 Qf6 14. Nb5 Be6 15. Nc7+ Kf7 16. Nxe6 Qxe6 17. Qxe6+ Kxe6 18. Bxg5 Rhg8 19. Be3 Bd6 20. f3 exf3 21. Rxf3 Rae8 22. Nd4+ Nxd4 23. Bxd4 b6 24. Re1+ Kd5 25. Rd1 Re2 26. Rxf5+ Kc6 27. Rf2 Re4 28. c3 Rh4 29. g3 Rhg4 30. Rf6 R8g6 31. Rxg6 Rxg6 32. Kg2 h5 33. Kh3 Re6 34. Rd2 Re4 35. Rf2 Be7 36. Rf5 h4 37. Re5 Rxe5 38. Bxe5 hxg3 39. Kxg3 Kd5 40. Bd4 Ke4 41. h4 Kf5 42. a4 Bd8 43. a5 Bc7+ 44. Kf3 Bd8 45. a6 Bc7 46. Be3 Bd8 47. h5 Bc7 48. h6 Kg6 49. Ke4 Bd8 50. Kd5 1-0

[Event "RUS-chT Rapid (Women)"]
[Site "Sochi"]
[Date "2023.10.18"]
[Round "4.15"]
[White "Tazetdinova, Adelya"]
[Black "Khlichkova, Tatiana"]
[Result "0-1"]
[WhiteElo "1522"]
[BlackElo "2196"]
[PlyCount "74"]
[EventDate "2023.10.18"]
[EventType "team-swiss (rapid)"]
[EventRounds "9"]
[EventCountry "RUS"]
[SourceTitle "Mega2024 Update 01"]
[Source "Chessbase"]
[SourceDate "2023.11.12"]
[SourceVersion "1"]
[SourceVersionDate "2023.11.12"]
[SourceQuality "1"]
[WhiteTeam "Bashkortostan (W)"]
[BlackTeam "Novosibirsk Region (W)"]
[WhiteTeamCountry "RUS"]
[BlackTeamCountry "RUS"]

1. e4 e6 2. d4 d5 3. Nc3 Bb4 4. e5 c5 5. a3 Bxc3+ 6. bxc3 Qa5 7. Bd2 Qa4 8. Nf3 b6 9. Bd3 Ba6 10. 0-0 Nd7 11. Bxa6 Qxa6 12. a4 Ne7 13. Bg5 Nc6 14. Ne1 Qc4 15. Ra3 cxd4 16. cxd4 Qxd4 17. Qxd4 Nxd4 18. f4 Rc8 19. Rf2 0-0 20. Rd3 Rc4 21. c3 Nc6 22. Ra2 Nc5 23. Rg3 Kh8 24. Nc2 Ne4 25. Re3 Nxc3 26. Ra3 Nxa4 27. Ne1 Nc5 28. Rh3 Rc1 29. Kf2 Ne4+ 30. Ke2 Nd4+ 31. Kd3 Nb5 32. Rb3 Nc5+ 33. Kd2 Nxb3+ 34. Rxb3 Nd4 35. Rh3 Rfc8 36. Nd3 R8c2+ 37. Ke3 Re2+ 0-1

[Event "RUS-chT Blitz (Women)"]
[Site "Sochi"]
[Date "2023.10.17"]
[Round "7.18"]
[White "Kovanova, Baira"]
[Black "Khlichkova, Tatiana"]
[Result "1-0"]
[WhiteElo "2306"]
[BlackElo "2196"]
[PlyCount "67"]
[EventDate "2023.10.17"]
[EventType "team-tourn (blitz)"]
[EventRounds "13"]
[EventCountry "RUS"]
[SourceTitle "Mega2024 Update 01"]
[Source "Chessbase"]
[SourceDate "2023.11.12"]
[SourceVersion "1"]
[SourceVersionDate "2023.11.12"]
[SourceQuality "1"]
[WhiteTeam "Rostov Nastavnik (W)"]
[BlackTeam "Novosibirsk Region (W)"]
[WhiteTeamCountry "RUS"]
[BlackTeamCountry "RUS"]

1. e4 d5 2. exd5 Nf6 3. d4 Nxd5 4. c4 Nb6 5. Nc3 Bf5 6. Nf3 e6 7. Bd3 Bxd3 8. Qxd3 Be7 9. 0-0 0-0 10. Bf4 Nc6 11. Rfd1 Bf6 12. Rac1 Rc8 13. b3 Ne7 14. Qe2 Ng6 15. Bg3 Nd7 16. d5 e5 17. d6 cxd6 18. Rxd6 Qe7 19. Rcd1 Rfe8 20. Rxd7 Qb4 21. Nd5 Qa5 22. Nxf6+ gxf6 23. Rxb7 e4 24. Nh4 e3 25. Rb5 Qc3 26. Nf5 exf2+ 27. Qxf2 Rcd8 28. Rbd5 Ra8 29. R5d3 Qb4 30. Bh4 Re4 31. Bxf6 Rae8 32. Nh6+ Kf8 33. Bc3 Qe7 34. Bb4 1-0

[Event "RUS-ch Blitz (Women)"]
[Site "Sochi"]
[Date "2023.10.14"]
[Round "13"]
[White "Goltseva, Ekaterina"]
[Black "Khlichkova, Tatiana"]
[Result "1-0"]
[WhiteElo "2338"]
[BlackElo "2196"]
[PlyCount "89"]
[EventDate "2023.10.14"]
[EventType "swiss (blitz)"]
[EventRounds "13"]
[EventCountry "RUS"]
[SourceTitle "Mega2024 Update 01"]
[Source "Chessbase"]
[SourceDate "2023.11.12"]
[SourceVersion "1"]
[SourceVersionDate "2023.11.12"]
[SourceQuality "1"]

1. d4 e6 2. c4 f5 3. Nc3 Nf6 4. Qc2 Bb4 5. g3 0-0 6. Bg2 Nc6 7. Nf3 b6 8. Bd2 Bb7 9. 0-0 Ne7 10. a3 Bxc3 11. Bxc3 Be4 12. Qd1 a5 13. b4 axb4 14. axb4 b5 15. c5 Ned5 16. Bd2 c6 17. Ne5 Bxg2 18. Kxg2 Qe8 19. f3 Qh5 20. Qc2 f4 21. gxf4 Qh4 22. e3 Rad8 23. Kh1 Ne7 24. Be1 Qh5 25. Qg2 Nf5 26. Bf2 Nd5 27. Rae1 Nxb4 28. Rg1 g6 29. e4 Ne7 30. Be3 d6 31. cxd6 Rxd6 32. Rb1 Na6 33. Qf2 Rfd8 34. Rg4 Qh6 35. f5 Qg7 36. fxg6 h5 37. Rg5 c5 38. dxc5 Rd1+ 39. Rxd1 Rxd1+ 40. Kg2 Nb4 41. Rxh5 Nbc6 42. Nxc6 Nxc6 43. Qh4 Rd2+ 44. Bf2 Rxf2+ 45. Qxf2 1-0

[Event "RUS-ch Blitz (Women)"]
[Site "Sochi"]
[Date "2023.10.14"]
[Round "12"]
[White "Khlichkova, Tatiana"]
[Black "Badelka, Olga"]
[Result "1-0"]
[WhiteElo "2196"]
[BlackElo "2386"]
[PlyCount "51"]
[EventDate "2023.10.14"]
[EventType "swiss (blitz)"]
[EventRounds "13"]
[EventCountry "RUS"]
[SourceTitle "Mega2024 Update 01"]
[Source "Chessbase"]
[SourceDate "2023.11.12"]
[SourceVersion "1"]
[SourceVersionDate "2023.11.12"]
[SourceQuality "1"]

1. d4 Nf6 2. Bg5 d5 3. e3 Nbd7 4. f4 h6 5. Bh4 Ne4 6. Nd2 g5 7. Nxe4 gxh4 8. Nd2 Nf6 9. Ngf3 h3 10. gxh3 Bf5 11. c3 e6 12. Qb3 Qc8 13. Rg1 a5 14. a4 c6 15. Ne5 Ne4 16. Nxe4 Bxe4 17. Be2 Bd6 18. Kd2 Qc7 19. Rg7 Bxe5 20. fxe5 Bg6 21. Rg1 Qc8 22. Qa3 Qd8 23. R1xg6 fxg6 24. Bd3 Qh4 25. Bxg6+ Kd8 26. Qd6+ 1-0

[Event "RUS-chT Rapid (Women)"]
[Site "Sochi"]
[Date "2022.10.18"]
[Round "3.9"]
[White "Fominykh, Maria"]
[Black "Khlichkova, Tatiana"]
[Result "1-0"]
[WhiteElo "2186"]
[BlackElo "2191"]
[PlyCount "117"]
[EventDate "2022.10.18"]
[EventType "team-swiss (rapid)"]
[EventRounds "9"]
[EventCountry "RUS"]
[SourceTitle "CBM 210 Extra"]
[Source "ChessBase"]
[SourceDate "2022.11.30"]
[SourceVersion "1"]
[SourceVersionDate "2022.11.30"]
[SourceQuality "1"]
[WhiteTeam "Krasnodar Kassiopeya (W)"]
[BlackTeam "Novosibirsk (W)"]
[WhiteTeamCountry "RUS"]
[BlackTeamCountry "RUS"]

1. Nf3 d6 2. d4 f5 3. c4 Nf6 4. Nc3 g6 5. h4 Bg7 6. h5 Nxh5 7. e4 Nf6 8. Bd3 e6 9. Qe2 Qe7 10. e5 dxe5 11. Nxe5 Nbd7 12. Bg5 c5 13. Nb5 0-0 14. f4 cxd4 15. 0-0-0 Nc5 16. Nxd4 Qe8 17. Nb5 a6 18. Nc7 Qa4 19. Nxa8 Qxa2 20. Kc2 Nfe4 21. Bxe4 fxe4 22. Ra1 Qb3+ 23. Kb1 Bxe5 24. fxe5 Nd3 25. Bf6 Bd7 26. Ra3 Qxc4 27. Nb6 Qc6 28. Nxd7 Qxd7 29. Rd1 Qd4 30. Raxd3 exd3 31. Qxd3 Qb4 32. Qd7 Qe4+ 33. Rd3 Qe1+ 34. Ka2 Qa5+ 35. Ra3 Qd5+ 36. Qxd5 exd5 37. Rd3 Kf7 38. Rxd5 Ke6 39. Rd6+ Kf5 40. Rd7 h5 41. Rxb7 Rc8 42. Rb6 Rc2 43. g3 Rg2 44. Rb3 Re2 45. Ka3 Kg4 46. Ka4 g5 47. Rb4+ Kxg3 48. Bxg5 a5 49. Rc4 Rxb2 50. Kxa5 Re2 51. Bf6 Re3 52. Kb6 Kf3 53. Kc6 Kg3 54. Kd7 Rd3+ 55. Ke7 Ra3 56. e6 Ra6 57. Kf7 h4 58. Bxh4+ Kh3 59. e7 1-0

[Event "RUS-chT Blitz (Women)"]
[Site "Sochi"]
[Date "2022.10.17"]
[Round "9.9"]
[White "Voit, Daria"]
[Black "Khlichkova, Tatiana"]
[Result "0-1"]
[WhiteElo "2347"]
[BlackElo "2191"]
[PlyCount "76"]
[EventDate "2022.10.17"]
[EventType "team-swiss (blitz)"]
[EventRounds "11"]
[EventCountry "RUS"]
[SourceTitle "CBM 210 Extra"]
[Source "ChessBase"]
[SourceDate "2022.11.30"]
[SourceVersion "1"]
[SourceVersionDate "2022.11.30"]
[SourceQuality "1"]
[WhiteTeam "Moscow ShSM (W)"]
[BlackTeam "Novosibirsk (W)"]
[WhiteTeamCountry "RUS"]
[BlackTeamCountry "RUS"]

1. d4 e6 2. c4 f5 3. Nc3 Nf6 4. g3 d5 5. Nf3 c6 6. Bg2 Bd6 7. Bf4 0-0 8. Bxd6 Qxd6 9. 0-0 Bd7 10. Ne5 Be8 11. Qd3 Bg6 12. f4 Nbd7 13. a3 Ne4 14. b4 Nxc3 15. Qxc3 a6 16. a4 Nxe5 17. fxe5 Qe7 18. e3 Be8 19. b5 axb5 20. axb5 Rxa1 21. Rxa1 dxc4 22. bxc6 Bxc6 23. Bxc6 bxc6 24. Qxc4 Qd7 25. Ra6 Rc8 26. Qc5 Qd5 27. Qe7 Rb8 28. Ra1 h6 29. Qa3 Rb3 30. Qc1 Qf3 31. Ra2 Rxe3 32. Rf2 Qe4 33. Qd2 Re1+ 34. Rf1 Rxf1+ 35. Kxf1 Qh1+ 36. Ke2 Qxh2+ 37. Kd3 Qxd2+ 38. Kxd2 g5 0-1

[Event "Khanty-Mansiysk GP (Women) rapid"]
[Site "Khanty-Mansiysk"]
[Date "2021.11.26"]
[Round "7"]
[White "Semenova, Elena"]
[Black "Khlichkova, Tatiana"]
[Result "0-1"]
[WhiteElo "2233"]
[BlackElo "2230"]
[PlyCount "124"]
[EventDate "2021.11.25"]
[EventType "tourn (rapid)"]
[EventRounds "13"]
[EventCountry "RUS"]
[SourceTitle "CBM 205 Extra"]
[Source "ChessBase"]
[SourceDate "2022.01.31"]
[SourceVersion "1"]
[SourceVersionDate "2022.01.31"]
[SourceQuality "1"]

1. e4 e6 2. d4 d5 3. Nc3 Bb4 4. Nge2 dxe4 5. a3 Bxc3+ 6. Nxc3 Nc6 7. Bb5 Nge7 8. Nxe4 Qd5 9. Qe2 Qxd4 10. Bd2 f5 11. Ng5 Qxb2 12. 0-0 Qf6 13. Rfe1 0-0 14. Nxe6 Bxe6 15. Qxe6+ Qxe6 16. Rxe6 a6 17. Bc4 Kh8 18. Rae1 Ng6 19. Rxg6 Rad8 20. Bc3 hxg6 21. Re3 Rd1+ 22. Be1 Rxe1+ 23. Rxe1 Kh7 24. f4 Kh6 25. Bd5 Rf6 26. h4 Rd6 27. Re8 Kh7 28. Bg8+ Kh6 29. Bd5 g5 30. fxg5+ Kh5 31. Rh8+ Kg4 32. Bf3+ Kg3 33. h5 Ne5 34. Be2 Rd2 35. Kf1 Rxc2 36. Ke1 Kf4 37. h6 gxh6 38. gxh6 Ke3 39. Re8 Rxe2+ 40. Kd1 Kf2 41. h7 Re1+ 42. Kc2 Ng6 43. Rg8 Rh1 44. Rxg6 Rxh7 45. Rg5 Rf7 46. g4 fxg4 47. Rxg4 Ke3 48. Kc3 b6 49. a4 Rf4 50. Rg3+ Kf2 51. Rg7 Rxa4 52. Rxc7 b5 53. Rc6 Kf3 54. Re6 a5 55. Re5 Ra3+ 56. Kb2 b4 57. Re8 a4 58. Rb8 Rb3+ 59. Ka2 Ke3 60. Rb7 Kd3 61. Rb8 Kc2 62. Rc8+ Rc3 0-1